Kryštálová štruktúra a štúdium vzťahu štruktúra-biologická aktivita derivátov 1,4-dihydropyridínu a indolizínu

Salvato in:
Dettagli Bibliografici
Autore principale: Švorc, Ľubomír
Natura: Libro
Lingua:slovacco
Pubblicazione: Bratislava STU FCHPT 2009
Accesso online:Visualizza in OPAC
Tags: Aggiungi Tag
Nessun Tag, puoi essere il primo ad aggiungerne!!

MARC

LEADER 00000nam a2200000 a 4500
005 20260127134055.0
008 110218 2009 xo 000 0 slo d
035 |a vtls010212324 
039 9 |y 201102180956  |z mschk03 
040 |a STUSCHK1  |b slo  |c STUSCHK1  |e AACR2 
100 1 |a Švorc, Ľubomír 
245 1 |a Kryštálová štruktúra a štúdium vzťahu štruktúra-biologická aktivita derivátov 1,4-dihydropyridínu a indolizínu  |c Ľubomír Švorc 
260 |a Bratislava  |b STU FCHPT  |c 2009 
300 |a 81 s.  |b il.  |c 30 cm + CD-ROM 
500 |a Dizertačná práca 
500 |a Obháj.: 28.9. 2009 
500 |a Fakulta chemickej a potravinárskej technológie, Ústav analytickej chémie 
910 |a SCHK95 
999 |c 3463  |d 3463